000 01940 a2200265 4500
001 38742
005 20260407155648.0
008 260407a1989 arg spa d
003 AR-UNSa-BCEJYS
040 _aAR-UNSa-BCEJYS
_bspa
_cAR-UNSa-BCEJYS
080 _a658.8
_xOrganización de mercados. Marketing. Ventas. Distribución
245 1 0 _aFundamentos de marketing
020 _a970-10-0894-4
250 _a6a. ed.
264 1 _aMéxico :
_bMcGraw-Hill
_c1989
300 _aXXIX, 885 p.
_c25 cm.
505 _aParte I: El marketing moderno y su ambiente: 1. El campo del marketing - 2. El ambiente del marketing - 3. Planeación estratégica y pronósticos - 4. Investigación e información de mercados - Parte II: Mercados meta: 5. Segmentación del mercado y estrategias relacionadas - 6. Comportamiento de compra del consumidor - 7. El mercado empresarial - Parte III: Productos: 8. Planeación y desarrollo del producto - 9. Estrategias de la mezcla de productos - 10. Marcas, empaques y otras carcaterísticas del producto - Parte IV: Precio: 11. Determinación del precio - 12. Estrategias de precios - Parte V: Distribución : 13. Canales de distribución - 14. Venta al detalle - 15. Venta al mayoreo y distribución física - Parte VI: Promoción: 16. El programa promocional - 17. Venta personal y administración de ventas - 18. Publicidad, promoción de ventas y relaciones públicas - Parte VII: Marketing en campos especiales: 19. Marketing de servicios en empresas lucrativas y no lucrativas - 20. Marketing internacional - Parte VIII: Dirección del programa de marketing: 21. Instrumentación y evaluación del marketing - 22. Evaluación y perspectiva del marketing.
942 _cBK
590 _aniveau_biblio:m niveau_hierar:0
100 1 _aRosas Sánchez, Maria Elena
700 1 _aStanton, William J.
700 1 _aEtzel, Michel J.
700 1 _aMercado Villagra, Salvador
700 1 _aWalker, Bruce J.
999 _c2922
_d2922